[Event "Challenge"]
[Site "http://www.queenalice.com/game.php?id=1114264"]
[Date "2012.10.20"]
[Round "-"]
[White "Oscar1961"]
[Black "gajdek"]
[Result "0-1"]
[WhiteElo "1250"]
[BlackElo "1100"]

1. e4 e5 2. Nf3 d5 3. Nxe5 Qe7 4. f4 f6 5. Ng4 dxe4 6. Be2 h5 7. Ne3 g6 8. Nd5
Qd6 9. c4 c6 10. Ndc3 Qxf4 11. g3 Qf5 12. h4 Qe5 13. Rg1 Bc5 14. d3 Bxg1 15.
Nxe4 f5 16. Bf4 Qxb2 17. Nec3 Bd4 18. Nd2 Bxc3 19. Kf2 Qb6+ 20. Be3 Bd4 21. Nf1
Bxe3+ 22. Nxe3 Nf6 23. Rb1 Qd4 24. a4 Ng4+ 25. Kf3 Qxe3+ 26. Kg2 Qf2+ 27. Kh1
Qg2+ 28. Kxg2 Ne3+ 29. Kg1 Nxd1 30. Bxd1 O-O 31. d4 f4 32. d5 Nd7 33. d6 Ne5 34.
gxf4 Rxf4 35. Be2 Rxh4 36. Kf1 Nxc4 37. Rb4 Ne3+ 38. Kf2 Rxb4 39. Kxe3 Rxa4 0-1

[Event "Rewanż!"]
[Site "http://www.queenalice.com/game.php?id=1114473"]
[Date "2012.10.21"]
[Round "-"]
[White "gajdek"]
[Black "Rzeznik"]
[Result "0-1"]
[WhiteElo "1100"]
[BlackElo "1500"]

1. e4 e6 2. d4 d5 3. e5 c5 4. c3 Qb6 5. Nf3 Nc6 6. Bd3 cxd4 7. cxd4 Bd7 8. Nc3
Bb4 9. a3 Bxc3+ 10. bxc3 Nge7 11. O-O h6 12. Rb1 Qc7 13. Bb5 a6 14. Bxc6 bxc6
15. Bd2 O-O 16. Qe2 c5 17. Rfc1 Bb5 18. Qd1 Bd3 19. Ra1 Rab8 20. Qa4 a5 21. Ne1
c4 22. Nxd3 cxd3 23. Rab1 Rxb1 24. Rxb1 Rb8 25. Qd1 Nc6 26. Be3 Rxb1 27. Qxb1
Nxd4 28. Bxd4 d2 29. Qd1 Qb7 30. Qc2 Qb2 31. Qxd2 Qb1+ 0-1

[Event "AUTO-BEG-560"]
[Site "http://www.queenalice.com/game.php?id=1114967"]
[Date "2012.10.22"]
[Round "1"]
[White "dlabedz"]
[Black "gajdek"]
[Result "0-1"]
[WhiteElo "1369"]
[BlackElo "1537"]

1. d4 d5 2. g3 Nf6 3. Nc3 Bf5 4. f3 h6 5. h3 e6 6. g4 Bg6 7. g5 hxg5 8. e3 c6 9.
a3 Be7 10. Bg2 Qd6 11. e4 Qg3+ 12. Kd2 Qxg2+ 13. Nge2 Qxf3 14. Rf1 Qxh3 15. Ke1
Qh4+ 16. Kd2 Nxe4+ 17. Nxe4 Bxe4 18. b3 g4 19. Kc3 g3 20. Rf4 Qh3 21. Ng1 Qh2
22. Be3 Bg5 23. Rxe4 dxe4 24. Bxg5 f6 25. Be3 f5 26. Qe1 g2 27. Qf2 Nd7 28. Bf4
Qh1 29. Qg3 Rg8 30. Re1 Kf7 31. Ne2 Rh8 32. Rxh1 gxh1=Q 33. Qf2 Qf3+ 34. Qxf3
exf3 35. Ng3 Rh3 36. b4 f2 37. Kc4 Rxg3 38. Bxg3 f1=Q+ 0-1

[Event "AUTO-BEG-560"]
[Site "http://www.queenalice.com/game.php?id=1114968"]
[Date "2012.10.22"]
[Round "1"]
[White "gajdek"]
[Black "dlabedz"]
[Result "1-0"]
[WhiteElo "1516"]
[BlackElo "1369"]

1. e4 d5 2. exd5 Qxd5 3. Nc3 Qe6+ 4. Qe2 Nc6 5. Nf3 f6 6. d4 Qxe2+ 7. Bxe2 h6 8.
Nd5 e6 9. Nxc7+ Kf7 10. Nxa8 b6 11. O-O Bb7 12. Nc7 Bd6 13. Nb5 Be7 14. c3 e5
15. d5 Na5 16. d6 Bd8 17. Rd1 a6 18. Na7 h5 19. b4 Nc6 20. Nxc6 Bxc6 21. Bxa6
Rh6 22. Bxh6 gxh6 23. a4 Ke6 24. Bc8+ Kf7 25. a5 e4 26. Nd4 Bd5 27. a6 h4 28. b5
Kg6 29. Nc6 Bb3 30. Rd4 f5 31. Nxd8 Nf6 32. a7 1-0

[Event "AUTO-BEG-560"]
[Site "http://www.queenalice.com/game.php?id=1114983"]
[Date "2012.10.22"]
[Round "1"]
[White "VascodaGama"]
[Black "gajdek"]
[Result "1-0"]
[WhiteElo "1539"]
[BlackElo "1554"]

1. e4 c5 2. d4 cxd4 3. Qxd4 Nc6 4. Qd1 Nf6 5. Nc3 e6 6. Nf3 a6 7. Bg5 Be7 8. h3
Qb6 9. Rb1 h6 10. Bxf6 Bxf6 11. Bd3 Nd4 12. Nxd4 Qxd4 13. Qf3 O-O 14. O-O d6 15.
Rfe1 e5 16. a3 Be6 17. Qg3 d5 18. exd5 Bxd5 19. Nxd5 Qxd5 20. Be4 Qd2 21. Bxb7
Rab8 22. Bxa6 Qxc2 23. Qc3 Qf5 24. Qd3 Qe6 25. Qc4 Qf5 26. Qg4 Qc2 27. Qe2 Qf5
28. Bd3 Qe6 29. Qe4 g6 30. Bc4 Qb6 31. Qe2 Qd4 32. Red1 Qa7 33. Qe3 Qxe3 34.
fxe3 Bg5 35. e4 Be3+ 36. Kh1 Bd4 37. b3 Kg7 38. g4 f5 39. gxf5 gxf5 40. exf5
Rxf5 41. Be6 Rf3 42. Kg2 Rf2+ 43. Kg3 Kf6 44. Bc4 Kg5 45. Rxd4 Rbf8 46. Rg4+ Kh5
47. Bd5 1-0

[Event "AUTO-BEG-560"]
[Site "http://www.queenalice.com/game.php?id=1114984"]
[Date "2012.10.22"]
[Round "1"]
[White "gajdek"]
[Black "VascodaGama"]
[Result "1-0"]
[WhiteElo "1283"]
[BlackElo "1461"]

1. e4 e5 2. Nf3 Nc6 3. d4 Nf6 4. dxe5 Nxe4 5. Bc4 d6 6. Bxf7+ Kxf7 7. Qd5+ Be6
8. Qxe4 dxe5 9. Ng5+ Ke7 10. Nxe6 Kxe6 11. Qg4+ Kf7 12. O-O g6 13. Nc3 Be7 14.
Bh6 Bf6 15. Ne4 Re8 16. Rad1 Qe7 17. Rd7 1-0

[Event "AUTO-BEG-560"]
[Site "http://www.queenalice.com/game.php?id=1114995"]
[Date "2012.10.22"]
[Round "1"]
[White "gajdek"]
[Black "elson09"]
[Result "1-0"]
[WhiteElo "1533"]
[BlackElo "1320"]

1. e4 e5 2. Nf3 Nc6 3. Bc4 Nf6 4. Ng5 Nxe4 5. Bxf7+ Ke7 6. Nxe4 Kxf7 7. Qf3+ Ke8
8. d3 d6 9. Be3 Be7 10. Qh5+ g6 11. Qh6 Bf5 12. Qg7 Rf8 13. Qxh7 Bh4 14. g3 g5
15. Qh5+ Rf7 16. gxh4 g4 17. Bg5 Ne7 18. Nf6+ Kf8 19. Qh8+ Ng8 20. Qxg8+ Ke7 21.
Nd5+ Ke6 22. Bxd8 Bg6 23. Qxg6+ Kxd5 24. Qxf7+ Kc6 25. Qxc7+ Kd5 26. Nc3+ Ke6
27. Qe7+ Kf5 28. Qf6# 1-0

[Event "AUTO-BEG-560"]
[Site "http://www.queenalice.com/game.php?id=1114996"]
[Date "2012.10.22"]
[Round "1"]
[White "elson09"]
[Black "gajdek"]
[Result "0-1"]
[WhiteElo "1360"]
[BlackElo "1553"]

1. e4 e5 2. Nf3 Nc6 3. Nc3 Nf6 4. d3 Bb4 5. a3 Bxc3+ 6. bxc3 O-O 7. Be3 d5 8. c4
d4 9. Bg5 h6 10. Bxf6 Qxf6 11. Be2 Qg6 12. Nh4 Qg5 13. g3 Bh3 14. Nf5 a6 15. f4
exf4 16. g4 g6 17. Nxh6+ Qxh6 18. c3 dxc3 19. d4 Qh4# 0-1

[Event "Die"]
[Site "http://www.queenalice.com/game.php?id=1115166"]
[Date "2012.10.22"]
[Round "-"]
[White "gajdek"]
[Black "Rzeznik"]
[Result "1-0"]
[WhiteElo "1428"]
[BlackElo "1656"]

1. e4 e6 2. d4 d5 3. e5 c5 4. c3 Nc6 5. Nf3 Bd7 6. Be2 Nge7 7. O-O Ng6 8. Na3 c4
9. b4 cxb3 10. Qxb3 Na5 11. Qb2 Bxa3 12. Qxa3 Nc4 13. Bxc4 dxc4 14. Qc5 b5 15.
d5 exd5 16. Qxd5 Ne7 17. Qe4 Bc6 18. Qg4 O-O 19. Bg5 Bxf3 20. gxf3 Kh8 21. Rad1
Qe8 22. Kh1 h6 23. Rg1 hxg5 24. Qh5+ Kg8 25. Rxg5 g6 26. e6 fxe6 27. Rdg1 Rf6
28. R5g4 Qf7 29. Rh4 Kf8 30. Qh8+ Ng8 31. Rh7 Rxf3 32. Rxf7+ Rxf7 33. Rxg6 Ke7
34. Rxg8 Rxg8 35. Qxg8 Rxf2 36. Qg5+ Kf7 37. Qxb5 Rxa2 38. Qxc4 Ra1+ 39. Kg2 Rd1
40. Qc7+ Kf6 41. Qxa7 Rd2+ 42. Kg1 Rd1+ 43. Kf2 Rd2+ 44. Ke3 Rxh2 45. Qd4+ e5
46. Qg4 Rc2 47. Kd3 Ra2 48. c4 Ra1 49. Ke4 Rf1 50. Kd5 Rf4 51. Qe6+ 1-0

[Event "Ajedrecistas 1"]
[Site "http://www.queenalice.com/game.php?id=1115289"]
[Date "2012.10.23"]
[Round "1"]
[White "gajdek"]
[Black "Gabriel_HD"]
[Result "1-0"]
[WhiteElo "1555"]
[BlackElo "1800"]

1. e4 e5 2. Nf3 Nc6 3. Nc3 Bb4 4. Nd5 d6 5. c3 Bc5 6. b4 Bb6 7. a4 a6 8. Nxb6
cxb6 9. d4 exd4 10. Nxd4 Nf6 11. Nxc6 bxc6 12. Qe2 O-O 13. f3 Re8 14. Qc4 d5 15.
Qxc6 Bd7 16. Qd6 dxe4 17. f4 e3 18. h3 Ne4 19. Bxe3 Nxc3 20. Qd4 Nd5 21. Qxd5
Rxe3+ 22. Kf2 Re6 23. Kg3 Rg6+ 24. Kh2 Rc8 25. Bxa6 Rc2 26. Rhg1 Qc7 27. Qa8+
Bc8 28. Bxc8 Qxc8 29. Qxc8+ Rxc8 30. a5 bxa5 31. bxa5 Rf6 32. a6 Re6 33. a7 Ra8
34. Rgb1 Ree8 35. Rb7 g6 36. Kg3 Kg7 37. Kg4 Kf6 38. Ra6+ Re6 39. Rxe6+ Kxe6 40.
Kg5 h5 41. g4 hxg4 42. hxg4 f5 43. Rb6+ Kf7 44. Rf6+ Ke7 45. Rxg6 fxg4 46. Kxg4
Kf7 47. Ra6 Kg8 48. Kf5 Kf7 49. Ke5 Ke7 50. f5 Kf7 51. Kd5 Ke7 52. Kc6 Rc8+ 53.
Kb7 Kd7 54. a8=Q Rxa8 55. Rxa8 Ke7 56. Ra6 Kf7 57. Kc7 Ke7 58. Rg6 Kf7 59. Kd6
Kf8 60. Ke6 1-0

[Event "Kill"]
[Site "http://www.queenalice.com/game.php?id=1121776"]
[Date "2012.11.13"]
[Round "-"]
[White "Rzeznik"]
[Black "gajdek"]
[Result "1-0"]
[WhiteElo "1552"]
[BlackElo "1588"]

1. g3 e5 2. Bg2 d5 3. d3 Nc6 4. Nf3 Nf6 5. O-O Be7 6. d4 Ng4 7. dxe5 Be6 8. Nc3
d4 9. Nb5 Bc5 10. c3 dxc3 11. Nxc3 Bxf2+ 12. Rxf2 Nxf2 13. Kxf2 Qxd1 14. Nxd1
O-O-O 15. Nc3 h6 16. a4 a5 17. Be3 Rhe8 18. Rc1 Bd5 19. Nb5 g5 20. Nfd4 Nxe5 21.
Bxd5 Rxd5 22. Nxc7 1-0

[Event "Ajedrecistas 1"]
[Site "http://www.queenalice.com/game.php?id=1135381"]
[Date "2012.12.29"]
[Round "2"]
[White "Ebbe"]
[Black "gajdek"]
[Result "1-0"]
[WhiteElo "1932"]
[BlackElo "1581"]

1. d4 Nf6 2. Nc3 d5 3. h3 c5 4. Bf4 Nc6 5. Nf3 Bf5 6. a3 e6 7. e3 Be7 8. Bb5 O-O
9. Bxc6 bxc6 10. O-O cxd4 11. Nxd4 c5 12. Nxf5 exf5 13. Be5 g6 14. Rb1 1-0